[Event "San Fernando op"]
[Site "San Fernando"]
[Date "1993.??.??"]
[Round "6"]
[White "Mellano, Santiago"]
[Black "Rodi, Luis Ernesto"]
[Result "0-1"]
[WhiteElo "2300"]
[BlackElo "2230"]
[PlyCount "58"]
[EventDate "1993.??.??"]
[EventType "swiss"]
[EventRounds "7"]
[EventCountry "ARG"]
[SourceTitle "EXT 1998"]
[Source "ChessBase"]
[SourceDate "1997.11.17"]
[SourceVersion "1"]
[SourceVersionDate "1997.11.17"]
[SourceQuality "1"]

1. d4 f5 2. Nc3 Nf6 3. Bg5 e6 4. e4 fxe4 5. Nxe4 Be7 6. Nxf6+ Bxf6 7. h4 Nc6 8. Nf3 d6 9. Qd2 h6 10. Be3 Bd7 11. Bd3 Qe7 12. Bg6+ Kd8 13. 0-0-0 a5 14. Kb1 Be8 15. Bxe8 Rxe8 16. g4 Qf7 17. g5 Be7 18. Nh2 h5 19. Nf1 a4 20. Ng3 d5 21. Qd3 g6 22. c3 Bd6 23. f4 Na5 24. Bc1 Nc4 25. b3 axb3 26. axb3 Na3+ 27. Kb2 b5 28. Rh2 c6 29. Bd2 Nc4+ 0-1

[Event "Buenos Aires op1"]
[Site "Buenos Aires"]
[Date "1993.??.??"]
[Round "3"]
[White "Mellano, Santiago"]
[Black "Zarnicki, Pablo Adrian"]
[Result "1/2-1/2"]
[WhiteElo "2300"]
[BlackElo "2470"]
[PlyCount "57"]
[EventDate "1993.??.??"]
[EventType "swiss"]
[EventRounds "7"]
[EventCountry "ARG"]
[SourceTitle "EXT 2000"]
[Source "ChessBase"]
[SourceDate "1999.11.16"]
[SourceVersion "1"]
[SourceVersionDate "1999.11.16"]
[SourceQuality "1"]

1. Nf3 Nf6 2. c4 g6 3. Nc3 Bg7 4. e4 d6 5. d4 0-0 6. Be2 c5 7. 0-0 cxd4 8. Nxd4 Nc6 9. Be3 Bd7 10. Qd2 a6 11. f3 Nxd4 12. Bxd4 Qa5 13. a3 Rfc8 14. b4 Qd8 15. Nd5 Nxd5 16. exd5 Bxd4+ 17. Qxd4 e5 18. dxe6 Bxe6 19. Rac1 a5 20. Rfd1 axb4 21. axb4 Ra4 22. c5 Qg5 23. f4 dxc5 24. fxg5 cxd4 25. Rxc8+ Bxc8 26. Rxd4 Be6 27. Bf3 b6 28. Kf2 Kg7 29. Ke3 1/2-1/2